Movies Quiz

Random Movies or Clickable Quiz
Score 0/24 Timer 05:00
4 Plays Today
% Correct
Planet of the Apes
97.2%
The Wizard of Oz
94.7%
Pinocchio
88.8%
The Shawshank Redemption
87.8%
Ben-Hur
85.8%
Monsters, Inc.
85.1%
The Lord of the Rings: The Fellowship of the Ring
80.6%
Beauty and the Beast
71.6%
Pan's Labyrinth
71.2%
Black Hawk Down
69.6%
Slumdog Millionaire
69.1%
My Sister's Keeper
67.5%
% Correct
Trainspotting
67.5%
The Breakfast Club
66.5%
Crash (2004)
66.3%
V for Vendetta
65.9%
Rear Window
62.4%
Mean Girls
60.9%
Citizen Kane
57.9%
A Clockwork Orange
56.2%
Casino
40.4%
Skyfall
37%
Batman Returns
33.9%
I, Robot
32%
Remove Ads.
Support Sporcle.
Get the best of Sporcle when you Go Orange. This ad-free experience offers more features, more stats, and more fun while also helping to support Sporcle. Thank you for becoming a member.

You're not logged in!

Compare scores with friends on all Sporcle quizzes.
OR
Log In

Sporcle TV

Today on Sporcle TV


Watch our educational content, quiz creation guides, and fun videos on Sporcle TV.

Show Comments

Extras

Top Quizzes Today


Score Distribution

Paid Content

Your Account Isn't Verified!

In order to create a playlist on Sporcle, you need to verify the email address you used during registration. Go to your Sporcle Settings to finish the process.

Report this User

Report this user for behavior that violates our Community Guidelines.

Details: